书目信息 |
| 题名: |
胡风三十万言书
|
|
| 作者: | 胡风 著 | |
| 分册: | ||
| 出版信息: | 武汉 湖北人民出版社 2003 |
|
| 页数: | 379页 | |
| 开本: | 26cm | |
| 丛书名: | ||
| 单 册: | ||
| 中图分类: | I200 | |
| 科图分类: | ||
| 主题词: | ||
| 电子资源: | ||
| ISBN: | 7-216-03555-0 | |
| 000 | 00601nam0 2200205 45 | |
| 001 | 0411301657 | |
| 005 | 20041130164141.9 | |
| 010 | @a7-216-03555-0@dCNY26.00 | |
| 100 | @a20041130d2003 km y0chiy0120 ea | |
| 101 | 0 | @achi |
| 105 | @ach z 000yy | |
| 200 | 1 | @a胡风三十万言书@AHu Feng San Shi Wan Yan Shu@f胡风著@FHu Feng Zhu |
| 210 | @a武汉@c湖北人民出版社@d2003 | |
| 215 | @a379页@c照片,摹真@d26cm | |
| 300 | @a关于解放以来的文艺实践情况的报告 | |
| 600 | 0 | @a胡风(1902~1985)@x文艺思想 |
| 690 | @aI200@v4 | |
| 701 | @a胡风@4著 | |
| 801 | @aCN@bTSTCL@c20041130 | |
| 905 | @b336467-471@dI200@e99@f5 | |
| 胡风三十万言书/胡风著.-武汉:湖北人民出版社,2003 |
| 379页:照片,摹真;26cm |
| 关于解放以来的文艺实践情况的报告 |
| ISBN 7-216-03555-0:CNY26.00 |
| ● |
| 相关链接 |
|
|
|
|
正题名:胡风三十万言书
索取号:I200/99
 
预约/预借
| 序号 | 登录号 | 条形码 | 馆藏地/架位号 | 状态 | 备注 |
| 1 | 0336467 | 203364670 | 第二借阅区/ [索取号:I200/99] | 在馆 | |
| 2 | 0336468 | 203364689 | 第二借阅区/ [索取号:I200/99] | 在馆 | |
| 3 | 0336469 | 203364698 | 第二借阅区/ [索取号:I200/99] | 在馆 | |
| 4 | 0336470 | 203364705 | 第二借阅区/ [索取号:I200/99] | 在馆 | |
| 5 | 0336471 | 203364714 | 第一样本阅览室/ [索取号:I200/99] | 在馆 |